Statistics for KPOP quiz

Click here to take the quiz!

General Stats

  • This quiz has been taken 98 times
  • The average score is 9 of 17

Answer Stats

HintAnswer% Correct
7 member bighit group?bts
96%
What is the name of mamamoo's sub-unit?mamamoo+
84%
What year did D-crunch debut?2018
78%
Who sat on the bed in Black Pink's "As if it's your last" MV?Jennie
78%
Which exo members were mistaken for a gay couple in America?chen and baekhyun
75%
True or false; IU has songs named "Knees", "shoes", "glasses" and "the shower"?true
69%
What song has the lyrics "I'ma eat you like a main dish"?love killa
65%
What kpop group has a music video where every single members kills themselves?Cross Gene
49%
Is it true that Shinee's Jonghyun made a song about cockroaches in love?Yes
43%
What K-pop idol could not attend an event due to diarea?Jiung
41%
Is there a car in GOT7's "never ever" MV? (If yes write car and if no write not)Car
37%
What did Mingi answer to fans asking if he was to marry Yunho?It is not legal in Korea
35%
Which idol got famous for their Ronald McDonald costume?Key
35%
Which nuest member debuted with wannaone?Minhyun
33%
What is the name of the group formed by Jackie Chan?jjcc
24%
What group did Kevin Woo (oppa) debut with?Xing
16%
Who sings the background vocals in Mark (NCT) song "Child"?belle
6%

Score Distribution

Percentile by Number Answered

Percent of People with Each Score

Your Score History

You have not taken this quiz